| 000 | 00699nam a2200205 a 4500 | ||
|---|---|---|---|
| 005 | 20210219152840.0 | ||
| 008 | 991125n 000 0 spa u | ||
| 035 | _aUPN01000062795 | ||
| 100 | _aLOPEZ DE LA ROSA, Luz Maria | ||
| 222 | _aREVISTA DE LA EDUCACION SUPERIOR | ||
| 245 | _aActividades profesionales del biólogo en el Instituto Tecnológico de Estudios Superiores de Monterrey y en la Facultad de Ciencias Biológicas de la Universidad Autónoma de Nuevo León | ||
| 300 | _a52-68 | ||
| 362 | _a1987 Vol. 16, no. 3(63), jul.-sep. | ||
| 653 | 0 | _aBIOLOGIA | |
| 653 | 0 | _aBIOLOGOS | |
| 653 | 0 | _aDESEMPEÑO ACADEMICO | |
| 653 | 0 | _aITESM | |
| 904 |
_aAC _b000606 |
||
| 905 | _aArticulo | ||
| 999 |
_c61891 _d61891 |
||